| 000 | 00634nam a2200193Ia 4500 | ||
|---|---|---|---|
| 003 | GCL | ||
| 008 | 140319s9999 xx 000 0 ara d | ||
| 040 |
_aGCL / _cGCL |
||
| 082 | 0 | 4 |
_a332.4 _bز ا |
| 100 | 1 | _aزينب حسين عوض الله | |
| 245 | 1 | 0 |
_aاقتصاديات النقود والمال / _cزينب حسين عوض الله |
| 260 |
_aبيروت : _bالدار الجامعية ، _c1994 |
||
| 300 |
_a288 ص ؛ _c24سم |
||
| 650 | 0 | 4 | _aالنظام النقدى |
| 650 | 0 | 4 | _aالبنوك |
| 650 | 0 | 4 | _aالنقود - قوانين وتشريعات |
| 650 | 0 | 4 | _aالنقود - نظريات |
| 942 |
_2ddc _cBK |
||
| 999 |
_c58227 _d58227 |
||